| 000 | 00656nam a2200181Ia 4500 | ||
|---|---|---|---|
| 003 | GCL | ||
| 008 | 140319s9999 xx 000 0 ara d | ||
| 040 |
_aGCL / _cGCL |
||
| 082 | 0 | 4 |
_aق _b398.2 _bف ش |
| 100 | 1 | _aفاطمة حسين المصرى | |
| 245 | 1 | 0 |
_aالشخصية المصرية من خلال دراسة بعض مظاهر الفولكلور المصرى دراسة نفسية تحليلية انثروبولوجية / _cفاطمة حسين المصرى |
| 300 | _a310 ص | ||
| 490 | _a | ||
| 650 | 0 | 4 | _aالعادات والتقاليد |
| 650 | 0 | 4 | _aالادب الشعبى |
| 650 | 0 | 4 | _aالفولكلور المصرى |
| 942 |
_2ddc _cBK |
||
| 999 |
_c38301 _d38301 |
||